| 000 | 00660nam a2200217 a 4500 | ||
|---|---|---|---|
| 005 | 20210223125354.0 | ||
| 008 | 040512s1995 mx r 000 0 spa d | ||
| 020 | _a9683644007 | ||
| 035 | _aUPN01000133417 | ||
| 049 | _aCG | ||
| 050 | 4 |
_aNB623 C3 _bV5.3 |
|
| 100 | 1 |
_aCellini, Benvenuto, _d1500-1571 |
|
| 245 | 1 | 0 |
_aVida de Benvenuto Cellini, Florentino, escrita por el mismo / _cBenvenuto Cellini ; tr. Guillermo Fernández. |
| 260 |
_aMéxico : _bUNAM, _c1995. |
||
| 300 | _a522 p. | ||
| 440 | 0 |
_aNuestros clásicos ; _v72 |
|
| 600 | 1 | 4 |
_aCELLINI, BENVENUTO, _d1500-1571 |
| 650 | 4 |
_aESCULTORES ITALIANOS _91836 |
|
| 650 | 4 | _aORFEBRES | |
| 905 | _aLibro | ||
| 999 |
_c105568 _d105568 |
||